Japanese for everyone

Bibliographic Details
Main Author: M.Rajendran
Format: Book
Published: Petaling Jaya : Pelanduk Publications , 1992
Subjects:

MARC

LEADER 00000cam a2200000 7i4500
001 0000004784
002 000005158
005 20080124.0
020 |a 9679780740 
090 0 0 |a 495.682421   |b RAJ 
100 0 |a M.Rajendran 
245 1 0 |a Japanese for everyone   |c M.Rajendran 
260 |a Petaling Jaya :   |b Pelanduk Publications ,   |c 1992 
300 |a 221p. ;   |c 24cm. 
650 0 0 |a Japanese language   |x Grammar 
650 0 0 |a Japanese language   |x Study and teaching 
650 0 0 |a Language and languages 
999 |a 00069883   |b BUKU   |c PINJAMAN   |e PERPUSTAKAAN KOMUNITI PETALING JAYA 
999 |a 00069884   |b BUKU   |c PINJAMAN   |e PERPUSTAKAAN KOMUNITI PETALING JAYA 
999 |a 00141648   |b BUKU   |c PINJAMAN   |e PERPUSTAKAAN KOMUNITI PETALING JAYA 
999 |a 037520   |b BUKU   |c PINJAMAN   |e PERPUSTAKAAN KOMUNITI PETALING JAYA 
999 |a 085192   |b BUKU   |c PINJAMAN   |e PERPUSTAKAAN KOMUNITI PETALING JAYA